Normal view
MARC view
Entry Personal Name
001 - CONTROL NUMBER
- control field: 418828
003 - CONTROL NUMBER IDENTIFIER
- control field: OSt
005 - DATE AND TIME OF LATEST TRANSACTION
- control field: 20220928110253.0
008 - FIXED-LENGTH DATA ELEMENTS
- fixed length control field: 220928|| aca||aabn | a|a d
040 ## - CATALOGING SOURCE
- Original cataloging agency: OSt
- Transcribing agency: OSt
100 ## - HEADING--PERSONAL NAME
- Personal name: Mishra Param Hans
670 ## - SOURCE DATA FOUND
- Source citation: Work cat.: (OSt)734846: Mishra Param Hans, Prasad aur pratyebhigya darshan., 1986
